Business Ethics 01/02 (Record no. 347515)
[ view plain ]
| 000 -LEADER | |
|---|---|
| fixed length control field | 00430 a2200169 4500 |
| 003 - CONTROL NUMBER IDENTIFIER | |
| control field | OSt |
| 005 - DATE AND TIME OF LATEST TRANSACTION | |
| control field | 20180116182851.0 |
| 008 - FIXED-LENGTH DATA ELEMENTS--GENERAL INFORMATION | |
| fixed length control field | 160616b xxu||||| |||| 00| 0 eng d |
| 040 ## - CATALOGING SOURCE | |
| Transcribing agency | 0 |
| 082 ## - DEWEY DECIMAL CLASSIFICATION NUMBER | |
| Classification number | 174.4 RIC 2001 |
| 100 ## - MAIN ENTRY--PERSONAL NAME | |
| Personal name | John E.Richardson |
| 245 ## - TITLE STATEMENT | |
| Title | Business Ethics 01/02 |
| Statement of responsibility, etc. | John E.Richardson |
| 250 ## - EDITION STATEMENT | |
| Edition statement | 13th Ed |
| 260 ## - PUBLICATION, DISTRIBUTION, ETC. | |
| Place of publication, distribution, etc. | Mc Graw Hill |
| Name of publisher, distributor, etc. | Dushkin |
| Date of publication, distribution, etc. | 2001 |
| 300 ## - PHYSICAL DESCRIPTION | |
| Extent | 229 p. |
| Other physical details | HB |
| 942 ## - ADDED ENTRY ELEMENTS (KOHA) | |
| Institution code [OBSOLETE] | NBS |
| Koha item type | Book |
| Call number prefix | 174.4 RIC |
| Source of classification or shelving scheme | |
| Withdrawn status | Lost status | Source of classification or shelving scheme | Damaged status | Not for loan | Collection code | Permanent Location | Current Location | Shelving location | Date acquired | Total Checkouts | Full call number | Barcode | Date last seen | Price effective from | Koha item type |
|---|---|---|---|---|---|---|---|---|---|---|---|---|---|---|---|
| Central Library (CL) | Central Library (CL) | General Stacks | 08/28/2013 | 174.4 RIC 2001 | NBSP-253 | 06/16/2016 | 08/28/2013 | Book |
